[Event "Joytu Sheikh Hasina Online op"]
[Site "Chess.com INT"]
[Date "2020.09.24"]
[Round "3"]
[White "Muhammad, Ayoub"]
[Black "Liew, Chee Meng Jimmy"]
[Result "1/2-1/2"]
[WhiteElo "1766"]
[BlackElo "2176"]
[PlyCount "147"]
[EventDate "2020.09.24"]
[EventType "swiss"]
[EventRounds "9"]
[EventCountry "BAN"]
[SourceTitle "EXT 2022"]
[Source "ChessBase"]
[SourceDate "2021.10.06"]
[SourceVersion "1"]
[SourceVersionDate "2021.10.06"]
[SourceQuality "1"]

1. d4 Nf6 2. c4 c5 3. d5 b5 4. cxb5 a6 5. bxa6 d6 6. Nc3 Bxa6 7. e4 Bxf1 8. Kxf1 g6 9. g3 Bg7 10. Nf3 0-0 11. Kg2 Nbd7 12. h3 Qc7 13. Re1 Rfb8 14. Qc2 c4 15. Be3 Nc5 16. Bxc5 Qxc5 17. Na4 Qb4 18. b3 cxb3 19. axb3 Qxb3 20. Qxb3 Rxb3 21. Nd2 Rb4 22. Nc3 Rc8 23. Rab1 Rd4 24. Nf3 Rdc4 25. Nb5 Nxe4 26. Na7 Re8 27. Nc6 Bf6 28. g4 e6 29. Rb4 exd5 30. Rxc4 dxc4 31. Nd2 d5 32. f3 Nd6 33. Rxe8+ Nxe8 34. Kf2 Nc7 35. Ke2 Nb5 36. Nb4 Nc3+ 37. Ke1 Kf8 38. f4 Ke7 39. g5 Bd4 40. Nc6+ Kd6 41. Nxd4 Kc5 42. Nc2 d4 43. Nf3 d3 44. Ncd4 Ne4 45. Kd1 c3 46. Nb3+ Kb4 47. Nc1 c2+ 48. Ke1 Kc3 49. h4 Kc4 50. Nd2+ Kd4 51. Nxe4 Kxe4 52. Kd2 Kxf4 53. Nxd3+ Kg4 54. Ne5+ Kxh4 55. Nxf7 Kg4 56. Kxc2 Kf5 57. Kd3 Ke6 58. Nh6 Ke5 59. Ke3 Kd5 60. Kf4 Kd4 61. Ng4 Kd5 62. Nf6+ Ke6 63. Nxh7 Kf7 64. Ke5 Ke7 65. Nf6 Kf7 66. Ng4 Kg7 67. Nh6 Kh8 68. Ke6 Kh7 69. Kf6 Kh8 70. Nf7+ Kh7 71. Ne5 Kg8 72. Nxg6 Kh7 73. Ne7 Kh8 74. g6 1/2-1/2